000 00761cam a22002653a 4500
001 20915
003 PGUSA
005 20140828083439.0
008 070327s2007||||xxu|||||s|||||000 | eng d
040 _aPGUSA
_beng
042 _adc
050 4 _aND
100 1 _aField, George,
_d-1854
245 1 0 _aField's Chromatography ;
_bor, Treatise on Colours and Pigments as Used by Artists
_h[electronic resource] /
_cGeorge Field
260 _bProject Gutenberg,
_c2007
506 _aPublic domain in the USA.
516 _aElectronic text
653 _aColors
653 _aPainting -- Technique
653 _aColor
700 1 _aSalter, Thomas W.
830 0 _aProject Gutenberg
_v20915
856 4 0 _uhttp://www.gutenberg.org/ebooks/20915
942 _cEB
999 _c250170
_d250170